000 01506nac a22003491i 4500
003 EG-ScBUE
005 20240902111107.0
008 240902t2003 njua f b 001 0 eng d
020 _a0471164259 (acid-free paper)
020 _a9780471381969
040 _aEG-ScBUE
_beng
_erda
_cEG-ScBUE
_dEG-ScBUE
082 0 4 _a510.24372
_bMUS
_222
100 1 _aMusser, Gary L.,
_eauthor.
245 1 0 _aMathematics for elementary teachers :
_ba contemporary approach /
_cGary L. Musser, Oregon State University, William F. Burger, Blake E. Peterson, Brigham Young University.
250 _aSixth edition.
264 1 _aHoboken, NJ :
_bJohn Wiley and Sons Inc.,
_c[2003]
264 4 _cc2003
300 _a1 volume (various pagings) :
_billustrations (some color) ;
_c26 cm
336 _2rdacontent
_atext
_btxt
337 _aunmediated
_2rdamedia
_bn
338 _avolume
_bnc
_2rdacarrier
504 _aIncludes bibliographical references and index.
650 7 _aMathematics.
_2BUEsh
650 7 _aMathematics
_xStudy and teaching (Elementary)
_2BUEsh
655 _vReading book
700 1 _aBurger, William F.,
_eauthor.
700 1 _aPeterson, Blake E.,
_eauthor.
856 4 2 _3Publisher description
_uhttp://www.loc.gov/catdir/description/wiley039/2002072385.html
856 4 2 _3Table of contents only
_uhttp://www.loc.gov/catdir/toc/wiley023/2002072385.html
856 4 2 _3Contributor biographical information
_uhttp://www.loc.gov/catdir/enhancements/fy0613/2002072385-b.html
942 _cBB
_2ddc
999 _c1234
_d1234